000 00453cam a22001337a 4500
008 180718b1981 xxu||||| |||| 00| 0 eng d
082 _aA81x54 In2/71/3/PT2C/2
100 _aCensus of India 1971
245 _aAssam: social and cultural tables
260 _aDelhi
_bThe Controller of Publications
_c1981
300 _a253+p.
440 _aCensus of India 1971. Series-3, Assam. Part-IIC (ii)
500 _aContents: Tables C-I to C-VI and fertility tables
999 _c484886
_d484886